| 000 | 00454nam a2200157Ia 4500 | ||
|---|---|---|---|
| 008 | 160316s1999 xxu||||| |||| 00| 0 eng d | ||
| 082 |
_a300.900000 _bNAT |
||
| 100 | _a | ||
| 245 | _aOne day consuitation on the Narmada impasse and legal issues | ||
| 250 | _a | ||
| 260 |
_aBangalore _bNational Law School of Law University _c1999 |
||
| 300 |
_a79 _b _c |
||
| 365 | _b | ||
| 650 | _a1. Legal Dams and India 2. Charnology of Major Events | ||
| 700 |
_a _a |
||
| 999 |
_c38953 _d38953 |
||